Strange phenomena.

Bibliographic Details
Other Authors: Corliss, William R.
Format: Book
Language:English
Published: Glen Arm, Md., [publisher not identified] ; [1974-]
Subjects:

MARC

Tag First Indicator Second Indicator Subfields
LEADER 00000cam a2200000 4500
001 in00000043070
005 20151007070832.0
008 740429m19749999mdu 00100 eng
020 |a 0960071210 
035 |a (OCoLC)00902569 
035 |9 AAE4811AM 
040 |a DLC  |c DLC  |d TXA  |d UtOrBLW 
049 |a TXAM  |v 1 [488098]  |v 2 [488097] 
050 0 0 |a QE53  |b .C67 
082 0 |a 550 
245 0 0 |a Strange phenomena. 
264 1 |a Glen Arm, Md.,  |b [publisher not identified] ;  |c [1974-] 
300 |a  volumes (loose leaf) 
336 |a text  |b txt  |2 rdacontent 
337 |a unmediated  |b n  |2 rdamedia 
338 |a volume  |b nc  |2 rdacarrier 
650 0 |a Earth sciences  |x Miscellanea. 
650 0 |a Prehistoric peoples  |x Miscellanea. 
650 0 |a Astronomy  |v Miscellanea. 
700 1 |a Corliss, William R. 
999 |a MARS 
999 f f |s 5e51fe8b-dc1d-3789-b514-c508ab6972ac  |i 96d56144-feaf-341b-80cc-0e9bbf974835  |t 0 
952 f f |p ric  |a Texas A&M University  |b Rellis Campus  |c Joint Library Facility  |d Remote Storage  |t 0  |e QE53 .C67  |h Library of Congress classification  |i unmediated -- volume  |k v.1  |m A14804746948 
952 f f |p ric  |a Texas A&M University  |b Rellis Campus  |c Joint Library Facility  |d Remote Storage  |t 0  |e QE53 .C67  |h Library of Congress classification  |i unmediated -- volume  |k v.2  |m A14804746956 
998 f f |a QE53 .C67  |s v.1-v.2  |t 0  |l Remote Storage